000 00571nam a2200133Ia 4500
008 171212s9999 xx 000 0 und d
020 _a9781922144140
100 _aGeorge, Nicole
245 _cGeorge, Nicole
_aSituating Women
_bGender Politics and Circumstance in Fiji
260 _bANU E Press
_c2012
650 _aPolitical Science
650 _aWomen -- Political activity -- Fiji; Women in development -- Fiji; Sex discrimination against women -- Fiji; Womenʹs rights -- Fiji; Women -- Government policy -- Fiji
856 _uwww.jstor.org/stable/10.2307/j.ctt24hbtd
999 _c351313
_d351313